Modern Business communication/ (Record no. 167804)

MARC details
000 -LEADER
fixed length control field 00623nam a22001937a 4500
005 - DATE AND TIME OF LATEST TRANSACTION
control field 20190919135026.0
010 ## - LCCN (DPL NO)
LC control number B-223736
020 ## - INTERNATIONAL STANDARD BOOK NUMBER
International Standard Book Number 8180450236
Terms of availability 185.00
035 ## - SYSTEM CONTROL NUMBER
System control number B-223736
037 ## - SOURCE OF ACQUISITION
Source of stock number/acquisition R.Chand & co.
082 ## - DEWEY DECIMAL CLASSIFICATION NUMBER
Classification number 651.7
Item number KUL
100 ## - MAIN ENTRY--PERSONAL NAME
Personal name Kulkarni, Madhumati M.
245 ## - TITLE STATEMENT
Title Modern Business communication/
Statement of responsibility, etc by Madhumati M.Kulkarni,
260 ## - PUBLICATION, DISTRIBUTION, ETC. (IMPRINT)
Place of publication, distribution, etc New Delhi
Name of publisher, distributor, etc R.Chand & co.
Date of publication, distribution, etc 2006
270 ## - ADDRESS
Address 1. Ansari road,Daryaganj, New Delhi-2
300 ## - PHYSICAL DESCRIPTION
Extent xii,555p.
Dimensions 23c.m.(pb)
942 ## - ADDED ENTRY ELEMENTS (KOHA)
Source of classification or shelving scheme Dewey Decimal Classification
Item type English Books
Classification part 651.7
Call number suffix KUL

No items available.


© Delhi Public Library
Hit Counter
free hit counter